000 00654nam a2200277Ia 4500
005 20260324143456.0
008 008 260324s9999 xx 000 0 eng d
020 _a9780203832165
037 _aEBOOK
040 _aCRL
040 _beng
040 _cCRL
041 _2eng
041 _aeng
084 _qCRL
100 _aAnoush Ehteshami
_91215772
245 0 _aIran and the International Community (RLE Iran D)
260 _bTaylor and Francis
260 _c1991
365 _a
365 _b240
856 _uhttp://www.taylorfrancis.com/books/9780203832165
942 _cEBOOK
999 _c1821221
_d1821221